Cantones de Costa Rica: datos básicos
El documento presenta la información sobre la división territorial de Costa rica: provincias, cantones y distritos. Sobre cada uno de los cantones (municipios) proporciona la siguiente información: creación y procedencia, toponimía, límites, distritos del cantón, área, habitantes, densidad de poblac...
Guardado en:
| Autor Corporativo: | |
|---|---|
| Formato: | Texto |
| Publicado: |
San José:
IFAM
|
| Materias: | |
| Etiquetas: |
Agregar Etiqueta
Sin Etiquetas, Sea el primero en etiquetar este registro!
|
MARC
| LEADER | 00000 a a2200000 04500 | ||
|---|---|---|---|
| 001 | 13530 | ||
| 003 | |||
| 040 | |||
| 090 | |a EXTRAVIADO | ||
| 110 | |a Instituto de Fomento y Asesoría Municipal (Costa Rica) | ||
| 245 | |a Cantones de Costa Rica: datos básicos | ||
| 260 | |a San José: |b IFAM | ||
| 300 | |a 189 p. | ||
| 300 | |b **no definido** | ||
| 520 | |a El documento presenta la información sobre la división territorial de Costa rica: provincias, cantones y distritos. Sobre cada uno de los cantones (municipios) proporciona la siguiente información: creación y procedencia, toponimía, límites, distritos del cantón, área, habitantes, densidad de población, datos socioeconómicos y algunas estadísticas vitales. SF/mb | ||
| 650 | |a DISTRITOS | ||
| 650 | |a MUNICIPIOS | ||
| 650 | |a DEPARTAMENTOS | ||
| 650 | |a INFORMACION SOBRE POBLACION | ||
| 650 | |a INFORMACION SOBRE POBLACION | ||
| 999 | |c 14004 |d 14004 | ||
